Resistance Against the Visitors Quiz Stats

 Plays Quiz not verified by Sporcle

Score 0/27 Timer 10:00
0 Plays Today
% Correct
83.3%
Michael Donovan
66.7%
Juliet Parrish
66.7%
Robert Maxwell
50%
Robin Maxwell
50%
Ham Tyler
33.3%
Maggie BLodgett
33.3%
Willie
33.3%
Benjamin Taylor
33.3%
Elias Taylor
33.3%
Caleb Taylor
33.3%
Elizabeth Maxwell
33.3%
Ruby Engels
16.7%
Josh Brooks
16.7%
% Correct
Abraham Bernstein
16.7%
Stan Bernstein
0%
Lynn Bernstein
0%
Chris Farber
0%
Andrew Doyle
0%
Fred King
0%
Tony Leonetti
0%
Kathleen Maxwell
0%
Brad McIntyre
0%
Harmony Moore
0%
Dan Pascal
0%
Howard K. Smith
0%
Sancho Gomez
0%

You're not logged in!

Compare scores with friends on all Sporcle quizzes.
OR
Log In

Show Comments

Extras

Created Nov 22, 2010ReportNominate
Tags:against, resistance, visitor

Top Quizzes Today


Score Distribution

Your Account Isn't Verified!

In order to create a playlist on Sporcle, you need to verify the email address you used during registration. Go to your Sporcle Settings to finish the process.

Report this User

Report this user for behavior that violates our Community Guidelines.

Details: